<?xml version="1.0" encoding="UTF-8"?>
<collection xmlns="http://www.loc.gov/MARC21/slim">
 <record>
  <leader>01955nam a2200289 a 4500</leader>
  <controlfield tag="001">19118527 </controlfield>
  <controlfield tag="008">090708s1988    nyua          001 0 eng d </controlfield>
  <datafield tag="020" ind1=" " ind2=" ">
   <subfield code="a">1851529969 </subfield>
  </datafield>
  <datafield tag="040" ind1=" " ind2=" ">
   <subfield code="a">PIT</subfield>
   <subfield code="c">PIT</subfield>
   <subfield code="d">STO </subfield>
  </datafield>
  <datafield tag="082" ind1="0" ind2="0">
   <subfield code="a">720.9</subfield>
   <subfield code="2">20</subfield>
  </datafield>
  <datafield tag="100" ind1="1" ind2=" ">
   <subfield code="a">Holberton, Paul. </subfield>
  </datafield>
  <datafield tag="245" ind1="1" ind2="4">
   <subfield code="a">The world of architecture /</subfield>
   <subfield code="c">Paul Holberton. </subfield>
  </datafield>
  <datafield tag="260" ind1=" " ind2=" ">
   <subfield code="a">New York :</subfield>
   <subfield code="b">Crescent Books :</subfield>
   <subfield code="b">[Distributed by Crown Publishers],</subfield>
   <subfield code="c">1988. </subfield>
  </datafield>
  <datafield tag="300" ind1=" " ind2=" ">
   <subfield code="a">210 p. :</subfield>
   <subfield code="b">col. ill. ;</subfield>
   <subfield code="c">28 cm. </subfield>
  </datafield>
  <datafield tag="504" ind1=" " ind2=" ">
   <subfield code="a">Includes index. </subfield>
  </datafield>
  <datafield tag="541" ind1="1" ind2=" ">
   <subfield code="e">00011943</subfield>
  </datafield>
  <datafield tag="500" ind1=" " ind2=" ">
   <subfield code="a">&quot;Inspiration, style and history&quot;--Cover. </subfield>
  </datafield>
  <datafield tag="650" ind1=" " ind2="0">
   <subfield code="a">Architecture</subfield>
   <subfield code="x">History. </subfield>
  </datafield>
  <datafield tag="852" ind1="4" ind2=" ">
   <subfield code="a">Ayesha Abed Library </subfield>
   <subfield code="j">General Shelf.</subfield>
  </datafield>
  <datafield tag="942" ind1="0" ind2="0">
   <subfield code="0">2</subfield>
  </datafield>
  <datafield tag="999" ind1=" " ind2=" ">
   <subfield code="c">2178</subfield>
   <subfield code="d">2178</subfield>
  </datafield>
  <datafield tag="952" ind1=" " ind2=" ">
   <subfield code="0">0</subfield>
   <subfield code="1">0</subfield>
   <subfield code="2">ddc</subfield>
   <subfield code="4">1</subfield>
   <subfield code="6">720_900000000000000_HOL_1988</subfield>
   <subfield code="7">0</subfield>
   <subfield code="9">2006</subfield>
   <subfield code="a">BRACUL</subfield>
   <subfield code="b">BRACUL</subfield>
   <subfield code="c">SPS</subfield>
   <subfield code="d">2009-07-08</subfield>
   <subfield code="g">0.00</subfield>
   <subfield code="l">0</subfield>
   <subfield code="o">720.9 HOL</subfield>
   <subfield code="p">3010011943</subfield>
   <subfield code="r">2009-07-08</subfield>
   <subfield code="t">1</subfield>
   <subfield code="w">2009-07-08</subfield>
   <subfield code="y">BK</subfield>
   <subfield code="x">No price found in the accession register.</subfield>
  </datafield>
  <datafield tag="952" ind1=" " ind2=" ">
   <subfield code="0">0</subfield>
   <subfield code="1">0</subfield>
   <subfield code="2">ddc</subfield>
   <subfield code="4">0</subfield>
   <subfield code="6">720_900000000000000_HOL</subfield>
   <subfield code="7">0</subfield>
   <subfield code="9">12256</subfield>
   <subfield code="a">BRACUL</subfield>
   <subfield code="b">BRACUL</subfield>
   <subfield code="c">GEN</subfield>
   <subfield code="d">2010-10-05</subfield>
   <subfield code="l">3</subfield>
   <subfield code="m">14</subfield>
   <subfield code="o">720.9 HOL</subfield>
   <subfield code="p">3010013268</subfield>
   <subfield code="r">2011-12-14</subfield>
   <subfield code="s">2011-10-17</subfield>
   <subfield code="t">2</subfield>
   <subfield code="w">2010-10-05</subfield>
   <subfield code="y">BK</subfield>
   <subfield code="x">Price not available in Register</subfield>
  </datafield>
  <datafield tag="952" ind1=" " ind2=" ">
   <subfield code="0">0</subfield>
   <subfield code="1">0</subfield>
   <subfield code="2">ddc</subfield>
   <subfield code="4">1</subfield>
   <subfield code="6">720_900000000000000_HOL</subfield>
   <subfield code="7">0</subfield>
   <subfield code="9">14031</subfield>
   <subfield code="a">BRACUL</subfield>
   <subfield code="b">BRACUL</subfield>
   <subfield code="c">SPS</subfield>
   <subfield code="d">2011-01-20</subfield>
   <subfield code="l">1</subfield>
   <subfield code="o">720.9 HOL</subfield>
   <subfield code="p">3010011941</subfield>
   <subfield code="r">2015-11-26</subfield>
   <subfield code="s">2015-11-21</subfield>
   <subfield code="t">3</subfield>
   <subfield code="w">2011-01-20</subfield>
   <subfield code="y">BK</subfield>
   <subfield code="x">Photocopy Book. Declared as Damaged on December 10, 2023</subfield>
  </datafield>
  <datafield tag="952" ind1=" " ind2=" ">
   <subfield code="0">0</subfield>
   <subfield code="1">0</subfield>
   <subfield code="2">ddc</subfield>
   <subfield code="4">1</subfield>
   <subfield code="6">720_900000000000000_HOL</subfield>
   <subfield code="7">0</subfield>
   <subfield code="9">14032</subfield>
   <subfield code="a">BRACUL</subfield>
   <subfield code="b">BRACUL</subfield>
   <subfield code="c">SPS</subfield>
   <subfield code="d">2011-01-20</subfield>
   <subfield code="l">0</subfield>
   <subfield code="o">720.9 HOL</subfield>
   <subfield code="p">3010011942</subfield>
   <subfield code="r">2011-01-20</subfield>
   <subfield code="t">4</subfield>
   <subfield code="w">2011-01-20</subfield>
   <subfield code="y">BK</subfield>
   <subfield code="x">Photocopy Book. Declared as Damaged on December 10, 2023</subfield>
  </datafield>
  <datafield tag="952" ind1=" " ind2=" ">
   <subfield code="0">0</subfield>
   <subfield code="1">0</subfield>
   <subfield code="2">ddc</subfield>
   <subfield code="4">1</subfield>
   <subfield code="6">720_900000000000000_HOL</subfield>
   <subfield code="7">0</subfield>
   <subfield code="9">14033</subfield>
   <subfield code="a">BRACUL</subfield>
   <subfield code="b">BRACUL</subfield>
   <subfield code="c">SPS</subfield>
   <subfield code="d">2011-01-20</subfield>
   <subfield code="l">1</subfield>
   <subfield code="o">720.9 HOL</subfield>
   <subfield code="p">3010011716</subfield>
   <subfield code="r">2015-10-04</subfield>
   <subfield code="s">2015-09-22</subfield>
   <subfield code="t">5</subfield>
   <subfield code="w">2011-01-20</subfield>
   <subfield code="y">BK</subfield>
   <subfield code="x">Photocopy Book. Declared as Damaged on December 10, 2023</subfield>
  </datafield>
  <datafield tag="952" ind1=" " ind2=" ">
   <subfield code="0">0</subfield>
   <subfield code="1">0</subfield>
   <subfield code="2">ddc</subfield>
   <subfield code="4">1</subfield>
   <subfield code="6">720_900000000000000_HOL</subfield>
   <subfield code="7">0</subfield>
   <subfield code="9">14034</subfield>
   <subfield code="a">BRACUL</subfield>
   <subfield code="b">BRACUL</subfield>
   <subfield code="c">SPS</subfield>
   <subfield code="d">2011-01-20</subfield>
   <subfield code="l">0</subfield>
   <subfield code="o">720.9 HOL</subfield>
   <subfield code="p">3010011946</subfield>
   <subfield code="r">2011-01-20</subfield>
   <subfield code="t">6</subfield>
   <subfield code="w">2011-01-20</subfield>
   <subfield code="y">BK</subfield>
   <subfield code="x">Photocopy Book. Declared as Damaged on December 10, 2023</subfield>
  </datafield>
 </record>
</collection>
